| 000 | 00810cab a2200241 4500 | ||
|---|---|---|---|
| 001 | ABS57815 | ||
| 008 | 090401t1997 xxu||||| |||| 00| 0 eng d | ||
| 035 | _a(Sirsi) u81852 | ||
| 041 | _aeng | ||
| 100 | _aClark, G.B. | ||
| 245 | 4 | _aThe report of the Monopolies and Mergers Commission into solicitors` estate agency services in Scotland | |
| 260 | _c1997 | ||
| 350 | _a0 | ||
| 490 |
_aProperty Law _v(29) October 1997, 1-2(2) |
||
| 520 | _aComment on the report by the MMC which looked into solicitors` estate agency services in Scotland. | ||
| 650 | _aESTATE AGENCY SERVICES | ||
| 650 | _aMONOPOLIES AND MERGERS COMMISSION | ||
| 650 | _aSCOTLAND | ||
| 650 | _aSOLICITORS PROPERTY CENTRES | ||
| 690 | _aMANAGEMENT-BUSINESS MANAGEMENT-PROFESSIONAL PRACTICE | ||
| 942 | _n0 | ||
| 948 | _c03/11/1997 | ||
| 999 |
_c51614 _d51614 |
||